Dopravné riešenie sídelných útvarov zborník : Žilina 15.-16. október 1997
| Other Authors: | |
|---|---|
| Format: | Book |
| Language: | Slovak Czech English |
| PhysicalDescription: | 285 strán grafy, mapy, tabuľky 21 cm |
| Published: |
Žilina
Žilinská univerzita
1997
|
| ISBN: | 8071004421 |
| Edition: | 1. vyd. |
| Subjects: |
MARC
| LEADER | 00000cam a2200000 a 4500 | ||
|---|---|---|---|
| 001 | vtls001314410 | ||
| 003 | SK-MaSNL | ||
| 005 | 20260302033047.0 | ||
| 008 | 240322s1997 xo dbl frn 100 0 slo | ||
| 015 | |a SNBA1998/03-01043 | ||
| 020 | |a 8071004421 |q (brožované) | ||
| 035 | |a SNK000266870 | ||
| 040 | |a SNK |b slo |c SNK |e AACR2 | ||
| 041 | 0 | |a slo |a cze |a eng |b ger | |
| 044 | |a xo |c SK | ||
| 072 | 7 | |a 656 |x Doprava |2 konspekt | |
| 080 | |a 711.4:711.7(082)=00 |2 1997 | ||
| 080 | |a 911.37 |2 2011 | ||
| 080 | |a 656 |2 2011 | ||
| 080 | |a (062.534) |2 2011 | ||
| 080 | |a 656.1 |2 2011 | ||
| 080 | |a 71 |2 2011 | ||
| 245 | 0 | 0 | |a Dopravné riešenie sídelných útvarov |b zborník : Žilina 15.-16. október 1997 |c [zostavovateľ Eva Remišová] |
| 250 | |a 1. vyd. | ||
| 260 | |a Žilina |b Žilinská univerzita |c 1997 | ||
| 300 | |a 285 strán |b grafy, mapy, tabuľky |c 21 cm | ||
| 366 | |e 100 výtl. | ||
| 500 | |a Čiastočný text v angličtine a češtine. Nemecké resumé | ||
| 504 | |a Obsahuje bibliografiu | ||
| 650 | 0 | 7 | |a sídla |2 SNKPH |9 4235 |
| 650 | 0 | 7 | |a doprava |2 SNKPH |9 1777 |
| 650 | 0 | 7 | |a cestná infraštruktúra |2 SNKPH |9 84144 |
| 650 | 0 | 7 | |a územné plánovanie |2 SNKPH |9 2641 |
| 655 | 7 | |a zborníky konferencií |2 SNKPH |9 70153 | |
| 700 | 1 | |a Remišová, Eva, |d 1971- |4 com |9 193950 | |
| 710 | 2 | |a Slovenská cestná spoločnosť |4 pbl |9 36635 | |
| 919 | |a 80-7100-442-1 | ||
| 954 | |a odborná, vedecká literatúra pôvodná (slovenská) |2 lita | ||
| 954 | |a odborná, vedecká literatúra cudzojazyčná (svetová) |2 lita | ||
| 958 | |a EUIPO | ||
| 958 | |a TL | ||
| 958 | |a NB | ||
| 958 | |a OND | ||
| 999 | |c 1059949 |d 1061879 | ||
| 952 | |t P60, <09>, [BOOK], {629} |a SNK |b SNK |y NEVYP |7 0 |o snkC 2426 |i snk4841/971216 |0 0 |1 0 |4 0 |d 1997-12-15 |l 0 |r 2005-01-02 00:00:00 |w 2026-02-24 | ||
| 952 | |t P60, <03>, [BOOK], {603} |a SNK |b SNK |y PREZ |7 0 |p 17A0112526 |o snkSC 94687 |i snkKSP 12435/97 |0 0 |1 0 |4 0 |d 1997-12-15 |f 1 |l 0 |r 2025-09-12 00:00:00 |w 2026-02-24 | ||
| 952 | |t P60, <04>, [BOOK], {604} |a SNK |b SNK |y VYP |7 0 |p 17A0112527 |o snkSC 94687 D1 |i snkKSP 12436/97 |0 0 |1 0 |4 0 |d 1997-12-15 |l 0 |r 2005-01-02 00:00:00 |w 2026-02-24 | ||


